Goethe desde dentro: el punto de vista en las artes
Salvato in:
| Natura: | Libro |
|---|---|
| Lingua: | spagnolo |
| Pubblicazione: |
Buenos Aires
Espasa-Calpe
1940
|
| Soggetti: | |
| Tags: |
Aggiungi Tag
Nessun Tag, puoi essere il primo ad aggiungerne!!
|
MARC
| LEADER | 00000nam a2200000 a 4500 | ||
|---|---|---|---|
| 001 | UCZ5794 | ||
| 003 | CL-VaPUC | ||
| 008 | 951124e19400000AG |||||||||||||||||spa|d | ||
| 082 | 0 | 4 | |a 831 |b ORT |2 21 |
| 245 | 1 | 0 | |a Goethe desde dentro: el punto de vista en las artes |
| 300 | |a 222 p | ||
| 942 | |c BK | ||
| 945 | |d 19951124 00:00:00 |a lriquelm | ||
| 260 | |a Buenos Aires |b Espasa-Calpe |c 1940 | ||
| 600 | 0 | |a Goethe, Johann Wolfgang von, |d 1749-1832 |e autor |9 265453 | |
| 650 | 7 | |a POESIA ALEMANA |2 CL-VaPUC |9 349982 | |
| 650 | 0 | |a Crítica de arte |9 334590 | |
| 650 | 0 | |a Literatura alemana |9 265457 | |
| 583 | |a last modification |c 19951124 00:00:00 |k Rodrigo Vera | ||
| 999 | |c 242082 |d 242080 | ||
| 952 | |0 0 |1 0 |4 0 |6 831_000000000000000_ORT_1940 |7 0 |8 A |9 254798 |a BIBEDU |b BIBEDU |d 2019-11-19 |i 1577263 |o 831 ORT 1940 |p 1577263 |r 2019-11-19 |w 2019-11-19 |y BK |k FIL | ||